[Event "Aurora Summer op"]
[Site "Aurora"]
[Date "2014.07.06"]
[Round "4.14"]
[White "Rofrano, Joshua M"]
[Black "Zhong, Joey"]
[Result "1/2-1/2"]
[WhiteElo "2006"]
[BlackElo "1963"]
[PlyCount "86"]
[EventDate "2014.07.05"]
[EventType "swiss"]
[EventRounds "5"]
[EventCountry "CAN"]
[SourceTitle "EXT 2022"]
[Source "ChessBase"]
[SourceDate "2021.10.06"]
[SourceVersion "1"]
[SourceVersionDate "2021.10.06"]
[SourceQuality "1"]

1. d4 Nf6 2. c4 g6 3. Nc3 Bg7 4. e4 d6 5. Be2 0-0 6. Nf3 e5 7. d5 a5 8. Bg5 h6 9. Bh4 Qe8 10. Nd2 Na6 11. a3 Bd7 12. b3 Nc5 13. 0-0 Nh7 14. Rc1 h5 15. f3 Bh6 16. Bf2 Bxd2 17. Qxd2 Nxb3 18. Qh6 Nxc1 19. Rxc1 b6 20. Nb5 Qd8 21. f4 exf4 22. Bd4 f6 23. Qxg6+ Kh8 24. Bxh5 Be8 25. Qh6 Bxh5 26. Qxh5 Qe7 27. Qf5 Rg8 28. Rc3 Qg7 29. g3 Raf8 30. Qxf4 Qd7 31. Rf3 Rg4 32. Qe3 Qe7 33. Nc3 Ng5 34. Rf5 Qg7 35. Kg2 Qh6 36. Rf4 Qh3+ 37. Kg1 Kg7 38. Qf2 Rxf4 39. Qxf4 Qh5 40. Kg2 Qh3+ 41. Kh1 Qh5 42. Kg2 Qh3+ 43. Kh1 Qh5 1/2-1/2